000 01026nam a2200289 i 4500
001 59673
003 CO-BoRNBP
005 20251028204048.0
007 ta
008 251028s2023 |||a|||| |||| 00| 0 spa d
020 _a9788427241954
040 _aCO-BoRNBP
_bspa
_cCO-BoRNBP
_erda
041 _aspa
084 _aC REY
100 1 _aReynolds, Peter H,
_eautor
_966317
245 1 3 _aEl punto
_bEl clásico que nos recuerda que todo es empezar. Porque donde hay un punto, hay un camino.
_cPeter H. Reynolds; adaptación, Esther Rubio Muñoz.
250 _aPrimera edición
264 4 _aBarcelona, España
_bPenguin Random House Grupo Editorial
_c©2023
300 _a32 páginas sin numerar,
_bilustraciones a color, tapa dura
_c26 cm
336 _2rdacontenido
_atexto
_btxt
337 _2rdamedio
_asin mediación
_bn
338 _2rdasoporte
_avolumen
_bnc
490 _aBosques para todos para siempre
650 1 7 _2ARMARC
_aLiteratura infantil
_92746
650 1 7 _2ARMARC
_aCuento infantil
_916411
942 _2ddc
_cBKINF
999 _c59673
_d59673